000 00511nam a2200193Ia 4500
003 GCL
008 140319s9999 xx 000 0 eng d
040 _aGCL /
_cGCL
082 0 4 _a384.3
_bG C
100 1 _aGRANT, AUGUST E
245 1 0 _aCOMMUNICATION TECHNOLOGY UPDATE /
_cGRANT, AUGUST E
260 _a[S.N] :
_bFOCAL PRESS ،
_c1996
300 _a372
650 0 4 _aMASS MEDIA
650 0 4 _aCOMMUNICATION - TECHNOLOGICAL
650 0 4 _aCOMMUNICATION
650 0 4 _aVISUAL COMMUNICATION
942 _2ddc
_cBK
999 _c14373
_d14373